| 000 | 00872 a2200217 4500 | ||
|---|---|---|---|
| 020 | _a0077078926 | ||
| 020 | _a9780077078928 | ||
| 082 | 0 | 4 | _a658.407124 |
| 090 |
_c2552 _d2552 |
||
| 100 | 1 | _aSalisbury, Frank S. | |
| 245 | 1 | 0 |
_aDeveloping managers as coaches : _ba trainer's guide / _cFrank S. Salisbury. |
| 260 |
_a[S.l.] : _bMcGraw-Hill Companies, _c1994. |
||
| 300 |
_a136 p. ; _c25 cm. |
||
| 490 | 1 | _aMcgraw hill training series. | |
| 500 | _aPaperback. | ||
| 520 | _aOffers guidance on enlightening your managers on how to release latent skills and talent within your organization. Paper. | ||
| 830 | 0 | _aMcgraw hill training series. | |
| 856 | 4 | 0 |
_3Amazon.com _uhttp://www.amazon.com/exec/obidos/ASIN/0077078926/chopaconline-20 |
| 856 | 4 | 0 |
_3Amazon customer reviews _uhttp://www.chopac.org/cgi-bin/tools/azrev.pl?q=0077078926 |
| 942 |
_aNBS _cBK _k658.407124 SAL |
||
| 999 |
_c345047 _d345047 |
||